Montana General Knowledge - Statistics

General Stats
  • This quiz has been taken 149 times
  • The average score is 9 of 15
Answer Stats
Hint Answer % Correct
Largest city in Montana, on the Yellowstone River Billings
97%
Capital city and historic gold rush town Helena
95%
Unofficial state nickname: ___ ___ State Big Sky
90%
1,583-square-mile national park with high peaks Glacier
88%
2nd largest city in Montana, known for its history Missoula
87%
Large city and location of Montana State University Bozeman
86%
Large city and home to Montana Tech Butte
83%
Major battle and battlefield national monument Little Bighorn
69%
Official state nickname: ________ State Treasure
58%
2,404,935 acre National Forest and major lake Flathead
49%
68-mile scenic road starting in Red Lodge, Montana Beartooth
40%
Pass and highest point on Going-to-the-Sun Road Logan Pass
32%
Former open pit copper mine located in Butte Berkeley Pit
28%
Historic House Museum located in Billings Moss Mansion
8%
Major 466 acre glacier, Largest one in Montana Harrison
1%
No matching quizzes found
Score Distribution
Percent of People with Each Score
Percentile by Number Answered
Your Score History
You have not taken this quiz